Quizzes
Events
Quiz Creation
Community
Videos
Private Events
Remove Ads
Sign In
Join for FREE
Feedback
Dark Mode
Quiz Categories
Sports
Geography
Music
Movies
Television
Just For Fun
Miscellaneous
History
Literature
Language
Science
Gaming
Entertainment
Religion
Holiday
For Kids
Quiz Lab
Recent
Popular Today
Quiz Kudos Today
Editor Picks
Curator Picks
Quizzes by...
Day
Popularity
Type
Ratings
Length
Year
Community
Subscriptions
Recent Discussions
Orange Saloon
Badges
Playlists
Quests
Create
Leaderboards
Showdown
Live 5
Trivia Bingo
Activity
Puzzle Library
Sporcle Events
Private Events
Virtual Trivia
Globe League
Become a Host
Pub Owners
SporcleCon
Opinionation
Our Games
Videos
Blog
Mobile Apps
Partnerships
Remove Ads and Go Orange
Feedback
Movies
Disney
Marvel Cinematic Universe
Movie Resume
Movie Titles
Oscar
Actor
Actress
Director
Pixar
Role
Movie Quotes
Movie Characters
Box Office
Nominee
Best Picture
Star Wars
James Bond
Horror Movies
Movies
Disney
Marvel Cinematic Universe
Movie Resume
Movie Titles
Oscar
Actor
Actress
Director
Pixar
Role
Movie Quotes
Movie Characters
Box Office
Nominee
Best Picture
Star Wars
James Bond
Horror Movies
Random Quiz
Search Sporcle
×
Quiz Lab
Quiz Lab
Movies
Numbers
Type in answers that appear in a list
Type in answers that appear in a list
Classic
Best Score? Go Orange.
Top US Box-Office 1-9 / A-Z Stats
Can you name the Movies that are the Highest Grossing of their First Letter/Number Title?
By
Tsunade
10m
35 Questions
344 Plays
344 Plays
344 Plays
Comments
Comments
Give Quiz Kudos
Give Quiz Kudos
-
- Ratings
hide this ad
More Info
Replay
Link that replays current quiz
Next Quiz
Link to next quiz in quiz playlist
You Got
0%
They Got
Avg Score
31%
Avg Friend Score
Upgrade to see
Score Distribution
Jump to the score distribution portion of the page
Score
0/35
Timer
10:00
0
Plays Today
% Correct
Avatar
87.8%
Titanic
81.7%
Star Wars Ep. IV: A New Hope
70.9%
E.T.: The Extra-Terrestrial
57.8%
X-Men: The Last Stand
57%
The Dark Knight
55.5%
Jurassic Park
54.1%
9
47.4%
The Lord of the Rings: The Return of the King
46.5%
Up
45.3%
Harry Potter And the Sorcerer's Stone
42.4%
Star Wars Ep. VI: Return of the Jedi
36.9%
Pirates of the Caribbean: Dead Man's Chest
36%
Finding Nemo
34%
Quantum of Solace
32.6%
Ghostbusters
32%
Iron Man
30.5%
300
26.7%
% Correct
Ocean's Eleven
25%
The War of The Worlds
22.7%
Zombieland
22.4%
The Matrix Reloaded
22.1%
King Kong
20.3%
8 Mile
19.5%
2012
16.6%
You've Got Mail
14.8%
101 Dalmatians
11.6%
New Moon
10.8%
50 First Dates
9.9%
The Blind Side
9.6%
The Chronicles of Narnia: The Lion, the Witch and the Wardrobe
9.6%
Van Helsing
8.1%
The 6th Day
7.3%
The 40-Year-Old Virgin
6.4%
7 Días
3.2%
Quiz Playlist
Details
Report
Send in Message
Add To Playlist
More Info:
The word 'the' doesn't count in the Movie Title. (*) means that the movie title taken into account is its subtitle.
Classic:
Type in answers that appear in a list
Quiz Source
Last Updated: Feb 16, 2017
Quiz Scoreboard
CHALLENGE
Sign Up to Join the Scoreboard
Show All
Scores
Hide
Comments
May contain spoilers
Recently Published
College Basketball Coaching Resumes
by pancakes188
Sports
9m
Billboard Blitz: Fleetwood Mac
by CooCooCachoo
Music
15s
Presidents Visiting Landmarks
by Hejman
History
7m
More to Explore
Quiz From the Vault
Featured Blog Post
Where Did the Easter Bunny Come From?
hide this ad
You Might Also Like...
Tags
Box Office Quiz
Letter Quiz
Numbers Quiz
A-Z
highest
Highest Grossing
Today's Top Quizzes in Movies
Browse Movies
hide this ad
Today's Top Quizzes in Numbers
Browse Numbers
Top Contributed Quizzes in Movies
1
Pick 5 Posters: Directed by Spielberg
2
7-to-1: Pixar Characters
3
Pick 5 Posters: Lowest-Rated Spielberg
4
Pick 5 Posters: Directed by Scorsese
5
Sorting Actors
6
Sorting Actresses
7
Pick 5 Posters: Star & Director
8
Pick 5 Posters: Women Directed 2020s
9
12 Movies about Fictional 1960s Events
10
Multi-Oscar Nominations, One Movie, One Winner
Explore More
Trending Topics
Crossword
NBA
Marvel
Kpop
Harry Potter
Disney
Anime
Song
Country
Soccer
WWE
Pokémon
The Office
Puzzle
NFL
hide this ad
More By:
Tsunade
Quiz
Plays
Rating
Category
Featured
Created
Test Your General Knowledge
12,044
3.64
Miscellaneous
Sep 5, 2010
Country Names in French
5,830
4.44
Geography
Nov 21, 2010
TV Series/Sitcom by Theme (clip)
4,877
4.53
Television
Sep 14, 2010
Movie YOU NATURALLY THINK OF
4,336
2.48
Movies
Oct 20, 2010
Top US Box-Office by Year
1,120
4.32
Movies
Sep 17, 2010
Go to Creator's Profile
Score Distribution
Quiz Creator Spotlight
Tsunade
Follow
Send a Message
Quizzes Created
-
Created Quiz Play Count
-
More By This Creator
Popular Quizzes Today
1
Find the US States - No Outlines Minefield
2
Find the Countries of Europe - No Outlines Minefield
3
The Countries of the World
4
Find the US States
5
Risky Map Clicking: Biggest States A-Z
6
US States
7
Popular People in 1961
8
Movies - When Are They Set?
More Movies Quizzes
International Countries of Best Director Oscar Winners
Editor's Pick
Trending Quizzes
Risky Map Clicking: Least Populous States A-Z
1-10 Letter G Words
1-10 Letter F Words
Risky Map Clicking: Next State Alphabetically
Risky Map Clicking: Biggest States A-Z
Recently Updated
Leaping Animals
pecheneg
Reality TV Shows (A-Z)
bhenderson79
Rickey Henderson's Hall of Fame Teammates
pecheneg
Champions League XIs: Arsenal
pecheneg
Quick Pick: Celebrities in WWE's Hall of Fame
aduchscher
A-Z Keypad Blitz II
pecheneg
Multiple Oscar Actors
pecheneg
Mystery Phrase Blitz: Oscar 'Best Actors'
pecheneg
F. Scott Fitzgerald Novels
LTH
Pick 3 Villains
ddd62291
Trending Topics
Marvel
Harry Potter
Crossword
NBA
Disney
Anime
Kpop
NFL
Puzzle
Soccer
Song
Pokémon
Country
The Office
WWE
Your Account Isn't Verified!
In order to create a playlist on Sporcle, you need to verify the email address you used during registration. Go to your
Sporcle Settings
to finish the process.
Report this User
Report this user for behavior that violates our
Community Guidelines
.
Details:
Send Report
Go to the Sporcle.com Mobile Site →
Comments